000 00553nam a22001697a 4500
005 20251108165206.0
008 250721s1989 xx 000 0 ara d
082 1 4 _a910.4/خلي
100 1 _aالمشهداني، خليل إبراهيم أحمد
245 1 0 _aالتخطيط السياحي /
264 1 _aبغداد :
_bوزارة التعليم العالي و البحث العلمي -الجامعه المستنصريه،
_c1989.
300 _a355ص
650 1 7 _aالسفر
650 1 7 _aالسياحه
942 _2ddc
_cBK
999 _c21753
_d21753